Balance Life Beautiful Life/ (Record no. 214475)
[ view plain ]
| 000 -LEADER | |
|---|---|
| fixed length control field | 00437nam a22001817a 4500 |
| 010 ## - LCCN (DPL NO) | |
| LC control number | ENG-147646 |
| 020 ## - INTERNATIONAL STANDARD BOOK NUMBER | |
| International Standard Book Number | 9789390607808 |
| Terms of availability | 275.00 |
| 035 ## - SYSTEM CONTROL NUMBER | |
| System control number | EN-131178 |
| 037 ## - SOURCE OF ACQUISITION | |
| Source of stock number/acquisition | DBAD |
| 082 ## - DEWEY DECIMAL CLASSIFICATION NUMBER | |
| Classification number | S |
| Item number | 1 |
| 100 ## - MAIN ENTRY--PERSONAL NAME | |
| Personal name | Shree,sir |
| 245 ## - TITLE STATEMENT | |
| Title | Balance Life Beautiful Life/ |
| Statement of responsibility, etc | by Sirshree |
| 250 ## - EDITION STATEMENT | |
| Edition statement | 1 |
| 260 ## - PUBLICATION, DISTRIBUTION, ETC. (IMPRINT) | |
| Place of publication, distribution, etc | India |
| Name of publisher, distributor, etc | Wow Publishings |
| Date of publication, distribution, etc | 2023 |
| 270 ## - ADDRESS | |
| City | India |
| 300 ## - PHYSICAL DESCRIPTION | |
| Extent | P.228 |
| Dimensions | 22cm(pb) |
| 942 ## - ADDED ENTRY ELEMENTS (KOHA) | |
| Source of classification or shelving scheme | Dewey Decimal Classification |
| Item type | English Books |
| Edition | 1 |
| Classification part | S |
| Call number suffix | Shr |
| Withdrawn status | Lost status | Not for loan | Collection code | Home library | Current library | Date acquired | Source of acquisition | Cost, normal purchase price | Full call number | Barcode | Copy number | Cost, replacement price | Koha item type |
|---|---|---|---|---|---|---|---|---|---|---|---|---|---|
| Not For Loan | Fiction | Ashok Vihar | Ashok Vihar | 23/01/2026 | DBAD | 275.00 | S Shr | EN-131178 | 1 | 275.00 | English Books |
